000 00592nai a2200181Ia 4500
003 IN-BaIIA
008 211028c9999 xx s 000 0 eng d
022 _a1862-4472 (Print)
022 _a1862-4480 (Online)
040 _cIIA Library
245 0 _aOptimization Letters
_h[eJournal]
260 _aHeidelber, Germany
_bSpringer Berlin Heidelberg
310 _aSemi-Quarterly
362 _a1(1); 2007 - Present
521 _bSubscribed through National Knowledge Resource Consortium (NKRC)
856 _uhttps://www.springer.com/journal/11590
_yClick Here to Access eJournal
942 _cEJ
999 _c35469
_d35469